000 01555 a2200301 4500
008 131112s1994 ck a br|||| 00| 0dspa d
020 _a9580419310
040 _aCO-BoUCM
_bspa
_cCO-JMCR
_dJose A. Gerena
041 1 0 _aspa
_hale
082 0 4 _aN
_bNOSv
100 1 _aNs̲tlinger, Christine,
_eautor
_947785
245 1 4 _aLas vacaciones de Franz /
_cChristine Ns̲tlinger ; traducción̤ de Rafael Arteaga
250 _aDuodécima edición
260 _aBogotá :
_bNorma,
_c1994
300 _a69 páginas :
_bilustraciones a blanco y negro ;
_c19 cm.
500 _aDatos biográficos del autor en tapa posterior.
505 _aLo que hay saber acerca de Franz -- Las cosas que alegran a Franz -- Franz se queda en distintos lugares -- de cómo soluciono Franz su problema -- La huelga de Franz -- De cómo se vengo Franz
520 _aFranz pasara parte de sus vacaciones en una casa vacacional para niños, pero, a medida que se acerca el día de la partida, la idea le gusta menos: nunca antes había estado lejos de sus padres o de su abuela. Sin embargo, su estadía sera más divertida de lo que se lo imagina.
546 _atítulo original Feriengeschichten Von Franz
586 _aPremio Hans Christian Andersen tomado de tapa posterior.
650 7 _918524
650 7 _920374
650 7 _941452
700 1 _aArteaga, Rafael
_950165
765 _tFeringeschichten von Franz
999 _c6449
_d6449